<?xml version="1.0" encoding="UTF-8"?>
<record
    xmlns:xsi="http://www.w3.org/2001/XMLSchema-instance"
    xsi:schemaLocation="http://www.loc.gov/MARC21/slim http://www.loc.gov/standards/marcxml/schema/MARC21slim.xsd"
    xmlns="http://www.loc.gov/MARC21/slim">

  <leader>03676nam a22002657a 4500</leader>
  <controlfield tag="003">DO-SdBJH</controlfield>
  <controlfield tag="005">20260629212419.0</controlfield>
  <controlfield tag="008">260624b2025    |||do||| |||| 00| 0 spa d</controlfield>
  <datafield tag="040" ind1=" " ind2=" ">
    <subfield code="a">DO-SdBJH</subfield>
    <subfield code="b">spa</subfield>
    <subfield code="c">DO-SdBJH</subfield>
  </datafield>
  <datafield tag="041" ind1="0" ind2=" ">
    <subfield code="a">spa</subfield>
  </datafield>
  <datafield tag="090" ind1=" " ind2=" ">
    <subfield code="a">CT CM-0015</subfield>
    <subfield code="b">AMBC 2025</subfield>
  </datafield>
  <datafield tag="100" ind1="1" ind2=" ">
    <subfield code="a">Hernandez Toribio, Luismi Manuel</subfield>
    <subfield code="e">sustentante</subfield>
  </datafield>
  <datafield tag="245" ind1="1" ind2="0">
    <subfield code="a">Propuesta de un plan de seguridad y vigilanci en la verja perimetral inteligente par las unidades empe&#xF1;adas en la frontera terrestre, en la provincia de Dajab&#xF3;n :</subfield>
    <subfield code="b">2022-2024 /</subfield>
    <subfield code="c">Luismi Manuel Hern&#xE1;ndez Toribio ; asesor metodol&#xF3;gico David Aguilar ; asesor de contenido Edison Hidalgo Polanco.</subfield>
  </datafield>
  <datafield tag="260" ind1=" " ind2=" ">
    <subfield code="a">Santo Domingo, Rep&#xFA;blica Dominicana :</subfield>
    <subfield code="b">UNADE,</subfield>
    <subfield code="c">2025.</subfield>
  </datafield>
  <datafield tag="300" ind1=" " ind2=" ">
    <subfield code="a">xiv, 89, [03] p&#xE1;ginas : </subfield>
    <subfield code="b">gr&#xE1;ficas, fotograf&#xED;as.</subfield>
  </datafield>
  <datafield tag="502" ind1=" " ind2=" ">
    <subfield code="a">Tesis y trabajo de grado (Licenciatura en Ciencias Militares)--Universidad Nacional para la Defensa "General Juan Pablo Duarte y D&#xED;ez", Santo Domingo, 2025.</subfield>
  </datafield>
  <datafield tag="504" ind1=" " ind2=" ">
    <subfield code="a">Incluye referencias bibliogr&#xE1;ficas y anexos.</subfield>
  </datafield>
  <datafield tag="505" ind1=" " ind2=" ">
    <subfield code="a">Elementos que integran la verja perimetral inteligente en la frontera terrestre Dominico-Haitiana -- Debilidades, obst&#xE1;culos, limitaciones y amenazas a la seguridad y vigilancia en la verja perimetral inteligente en la Frontera Terrestre -- Propuesta de un plan de seguridad y vigilancia en la verja perimetral inteligente para las seguridades empe&#xF1;adas en la frontera.</subfield>
  </datafield>
  <datafield tag="520" ind1=" " ind2=" ">
    <subfield code="a">El presente trabajo tiene como prop&#xF3;sito expresar la seguridad fronteriza, que representa un eje fundamental para la soberan&#xED;a, el orden interno y el desarrollo sostenible de cualquier naci&#xF3;n. En el caso de la Rep&#xFA;blica Dominicana, la frontera terrestre con Hait&#xED; especialmente en la provincia de Dajab&#xF3;n ha sido hist&#xF3;ricamente una zona de alta sensibilidad, donde concluyen din&#xE1;micas complejas como la migraci&#xF3;n irregular, el contrabando, el trafico de personas y mercanc&#xED;as y otros desaf&#xED;os vinculados al control territorial. Ante este escenario, la implementaci&#xF3;n de mecanismos innovadores de vigilancia y control, como una verja perimetral inteligente, se vuelve una necesidad estrat&#xE9;gica para certificar la protecci&#xF3;n segura del pa&#xED;s, el respeto a los derechos humanos y la armon&#xED;a pol&#xED;tica de la zona lim&#xED;trofe. Esta propuesta se centra en el dise&#xF1;o y ejecuci&#xF3;n de un Plan de Seguridad y Vigilancia que defienda el movimiento de la verja perimetral inteligente ubicada en la provincia de Dajab&#xF3;n, durante el periodo, 2022-2024. El plan busca no solo fortificar las capacidades operantes del personal militar y policial destacado en la frontera, sino tambi&#xE9;n formar el uso de tecnolog&#xED;a evolucionadas que permitan una gesti&#xF3;n mas eficiente, segura y clara de control fronterizo. La verja inteligente observa la instalaci&#xF3;n de dispositivos tecnol&#xF3;gicos como c&#xE1;maras de alta resoluci&#xF3;n, sensores de movimientos, sistemas de reconocimiento facial y t&#xE9;rmico, y redes desde la comunicaci&#xF3;n segura que permitan la vigilancia en tiempo real del per&#xED;metro. Estos sistemas est&#xE1;n pensados para apoyar directamente a las unidades de seguridad empe&#xF1;adas en las zona, mejorando su capacidad de respuesta, reduciendo riesgos y disminuyendo la dependencia de m&#xE9;todos tradicionales de vigilancia.</subfield>
  </datafield>
  <datafield tag="650" ind1=" " ind2="7">
    <subfield code="2">lemb</subfield>
    <subfield code="a">Vigilancia fronteriza</subfield>
    <subfield code="v">Tesis y disertaciones acad&#xE9;micas</subfield>
    <subfield code="x">Sistemas de seguridad</subfield>
    <subfield code="x">Innovaciones tecnol&#xF3;gicas</subfield>
    <subfield code="z">Frontera dominico-haitiana</subfield>
  </datafield>
  <datafield tag="650" ind1=" " ind2="7">
    <subfield code="2">lemb</subfield>
    <subfield code="a">Seguridad fronteriza </subfield>
    <subfield code="v">Tesis y disertaciones acad&#xE9;micas</subfield>
    <subfield code="x">Planificaci&#xF3;n</subfield>
    <subfield code="x">Administraci&#xF3;n de la seguridad </subfield>
    <subfield code="z">Frontera dominico-haitiana</subfield>
  </datafield>
  <datafield tag="700" ind1="1" ind2=" ">
    <subfield code="a">Aguilar, David</subfield>
    <subfield code="e">asesor metodol&#xF3;gico</subfield>
  </datafield>
  <datafield tag="700" ind1="1" ind2=" ">
    <subfield code="a">Hidalgo Polanco, Edison</subfield>
    <subfield code="e">asesor de contenido</subfield>
  </datafield>
  <datafield tag="942" ind1=" " ind2=" ">
    <subfield code="2">CL</subfield>
    <subfield code="c">T</subfield>
  </datafield>
  <datafield tag="999" ind1=" " ind2=" ">
    <subfield code="c">8727</subfield>
    <subfield code="d">8727</subfield>
  </datafield>
  <datafield tag="952" ind1=" " ind2=" ">
    <subfield code="0">0</subfield>
    <subfield code="1">0</subfield>
    <subfield code="2">CL</subfield>
    <subfield code="4">0</subfield>
    <subfield code="7">0</subfield>
    <subfield code="8">TG</subfield>
    <subfield code="a">BJHA</subfield>
    <subfield code="b">BJHA</subfield>
    <subfield code="c">GEN</subfield>
    <subfield code="d">2026-06-24</subfield>
    <subfield code="i">ccc</subfield>
    <subfield code="l">0</subfield>
    <subfield code="o">CT CM-0015 AMBC 2025</subfield>
    <subfield code="p">25-02602</subfield>
    <subfield code="r">2026-06-24 21:39:27</subfield>
    <subfield code="t">e.1</subfield>
    <subfield code="w">2026-06-24</subfield>
    <subfield code="y">T</subfield>
  </datafield>
</record>
